000
00329nam a2200145Ia 4500
100
_a
Kumbhojkar/G.v
650
_a
Mathematics
942
_c
BK
366
_f
15
245
_a
Applied Mathematics III -Computer and IT
260
_b
C.Jamnadas and Co
_c
2014
082
_a
511
_b
KUM
546
_a
ENGLISH
_c
production
999
_c
25926
_d
25926